| 000 | 00820nam a2200277Ia 4500 | ||
|---|---|---|---|
| 001 | Z_6184 | ||
| 003 | CHAP | ||
| 008 | 220113s1971 xx 000 0 und d | ||
| 010 | _a169420 | ||
| 040 | _cCHAP | ||
| 082 | _aC 540.078 D39 | ||
| 100 |
_aDawson, John W. _9144071 |
||
| 245 |
_aManual de laboratorio de química / _cJohn W. Dawson; traductor Homero Vela Treviño |
||
| 260 |
_aMéxico : _bNueva Editorial Interamericana, _c1971 |
||
| 300 | _aviii, 143 p. | ||
| 500 | _aTraducción de la obra en inglés: Laboratory manual for chemistry: a brief introduction | ||
| 503 | _aej.1: s/n | ||
| 650 |
_aQuímica _xManuales de laboratorio _993567 |
||
| 700 |
_aVela Treviño, Homero, tr. _9144072 |
||
| 901 | _aC 540.078 D39 | ||
| 902 | _aM | ||
| 910 | _a1971 | ||
| 942 | _c1 | ||
| 942 | _cc1 | ||
| 999 |
_c169420 _d169420 |
||